00548nam a2200169Ia 4500008004100000020001500041041000800056082001700064100001900081245005200100250000600152260003900158300001200197650001800209999001900227952013200246210716s2003 xx 000 0 und d a8178083760 aeng a005.133 SUMS aSummit, Steve. aC programming faqs: frequently asked qoestions. a1 aNew DelhibPearson Educationc2003 axli,389 aC Programming c185790d185790 001040708MCAaAIMITbAIMITePremier Bookshopg360.00l0o005.133 SUMSpMCA05298r2025-07-21 00:00:00v288.00w2021-07-16yBK